000 00775nam a2200229 4500
003 OSt
005 20240608013329.0
006 a
008 240608b |||||||| |||| 00| 0 eng d
020 _a9710412310
040 _aDWCL-Main lib.
_cOC
082 _aFil. 808.042 S192s 2012
100 _aSampa, Elias M.
245 _aSteps in college research writing : essentials of Training Oriented Research (TOR) /
260 _aMandaluyong City, Phils. :
_bBooks Atbp.,
_cc2012.
300 _avii,
_b163 p. : ill. ;
_c22 cm.
504 _aIncludes bibliographical references.
650 _a1. English language–Rhetoric–Handbooks, manuals, etc.
650 _a2. Report writing–Handbooks, manuals, etc.
700 _aElias M. Sampa
942 _2ddc
_n0
_cBK - FIL
_kFil.
999 _c385
_d385